00379nam a2200109Ia 4500008004100000100002300041245004100064260006900105300001100174650001600185856006800201160712s9999 xx 000 0 und d aTan, Michelle Tiu. cMichelle Tiu TanaYou Think You Know c2015bLikhaan: The Journal of Contemporary Philippine Literature avol. 9 xSHORT STORY uhttp://journals.upd.edu.ph/index.php/lik/issue/view/539/showToc